Praha v obrazech českých mistrů /

Další autoři: Zachař, Michael, 1965-
Jazyk: Čeština
Vydáno: Praha : České přístavy, 2011
Témata:
Fyzický popis: [70] s. : barev. il. ; 23 x 25 cm
Knihy
Uloženo v:
LEADER 01693nam a2200493 a 4500
001 nkc20112195205
003 CZ PrNK
005 20110913105432.0
007 ta
008 110603s2011 xr a e c 000 0dcze
015 |a cnb002195205 
020 |a 978-80-260-0011-2  |q (váz.)  |z 978-80-260-011-2 
035 |a (OCoLC)752795363 
040 |a BOA001  |b cze  |d ABA001 
043 |a e-xr---  |b e-xr-pg  |2 czenas 
045 |a w6x5 
072 7 |a 75  |x Malířství  |2 Konspekt  |9 21 
080 |a 75(437.3)  |2 MRF 
080 |a 75.036/.038  |2 MRF 
080 |a 7.04  |2 MRF 
080 |a (437.3)  |2 MRF 
080 |a (437.311)  |2 MRF 
080 |a (083.824)  |2 MRF 
245 0 0 |a Praha v obrazech českých mistrů /  |c [text katalogu Michael Zachař] 
260 |a Praha :  |b České přístavy,  |c 2011 
300 |a [70] s. :  |b barev. il. ;  |c 23 x 25 cm 
648 7 |a 19.-20. století  |7 ch757015  |2 czenas 
648 4 |a 1860-1950 
650 0 7 |a české malířství  |7 ph116864  |y 19.-20. století  |2 czenas 
650 0 7 |a moderní malířství  |7 ph122940  |z Česko  |2 czenas 
650 0 7 |a umělecké náměty  |7 ph138227  |2 czenas 
650 0 9 |a Czech painting  |y 19th-20th centuries  |2 eczenas 
650 0 9 |a modern painting  |z Czechia  |2 eczenas 
650 0 9 |a artistic themes  |2 eczenas 
651 7 |a Praha (Česko)  |7 ge118011  |2 czenas 
651 9 |a Prague (Czechia)  |2 eczenas 
655 7 |a katalogy výstav  |7 fd132536  |2 czenas 
655 9 |a exhibition catalogs  |2 eczenas 
700 1 |a Zachař, Michael,  |d 1965-  |7 jo2004249799  |4 wfw 
910 2 |a BOA001  |b 2-1271.194 
990 |a BK 
995 |a 01 
991 |b 201108  |c NOV  |e n 
996 6 |b 2610485243  |c 2-1271.194  |l MZK  |r Sklad / do 1 hodiny  |n 1  |p p.v.  |w 001195472  |u 000010  |a 1  |e BOA001  |j MZK50  |s P